| Поле | Название | Значение |
| |
Тип записи |
a |
| |
Библиографический уровень |
a |
| 001 |
Контрольный номер |
RU/CBS_UL/BASE/53b0c9139e774bff8ccd437b867ce3a6 |
| 005 |
Дата корректировки |
20260409155033.1 |
| 100 |
Данные общей обработки |
__ |
| a |
Данные общей обработки |
20260409 ||| 0rusy0189 ca |
| 101 |
Язык документа |
0_ |
| a |
Язык текста |
rus |
| 102 |
Страна публикации |
__ |
| a |
Страна публикации |
RU |
| 200 |
Заглавие и сведения об ответственности |
1_ |
| a |
Заглавие |
Украденная Пасха |
| e |
Сведения, относящиеся к заглавию |
[живая любовь к церкви проходила через всю жизнь Аркадия Пластова, в его роду были священники, церковные архитекторы, иконописцы] |
| 300 |
Общие примечания |
__ |
| a |
Общие примечания |
16+ |
| 461 |
Уровень набора |
_0 |
| 1 |
|
2000 |
| a |
|
Народная газета |
| 463 |
Уровень физической единицы |
_0 |
| 1 |
|
001RU/CBS_UL/BASE/861e5c398e864bd5b7f5862f1e3a68fe |
| 1 |
|
2000 |
| a |
|
№ 14 (8 апр.) |
| v |
|
С. |
| 1 |
|
210 |
| d |
|
2026 |
| 600 |
Персоналии |
_1 |
| a |
Персоналии (Фамилия) |
Пластов |
| b |
Персоналии (Имя, инициалы) |
А.А. |
| 606 |
Тематические рубрики |
0_ |
| a |
Основная рубрика |
Пластов, Аркадий Александрович (1893-1972) |
| 610 |
Ключевые слова |
0_ |
| a |
Ключевые слова |
русская живопись; русские живописцы; живописцы; художники; тема религии; графики; иллюстраторы |
| 686 |
Индексы других классификаций |
__ |
| a |
Классификационный индекс |
85.143(2) |
| 801 |
Источник записи |
_0 |
| a |
Страна |
RU |
| b |
Организация |
МБУК ЦБС г. Ульяновска |
| c |
Дата составления |
20260409 |
| g |
Правила каталогизации |
RCR |
| 801 |
Источник записи |
_1 |
| a |
Страна |
RU |
| b |
Организация |
МБУК ЦБС г. Ульяновска |
| c |
Дата составления |
20260409 |
| g |
Правила каталогизации |
RCR |
| 901 |
Тип документа |
__ |
| t |
Тип документа |
f |
| w |
Контрольный № источника |
RU/CBS_UL/BASE/861e5c398e864bd5b7f5862f1e3a68fe |
| 909 |
Создатель записи |
__ |
| a |
Создатель записи |
mbo |